|
|
|
|
| LEADER |
00000nbm0a2200000 4500 |
| 001 |
157281 |
| 005 |
20231031153656.0 |
| 029 |
0 |
0 |
|a SU
|b 78045075
|f ТПУ
|
| 035 |
|
|
|a (RuTPU)RU\TPU\book\170581
|
| 090 |
|
|
|a 157281
|
| 100 |
|
|
|a 20090406d1981 k y0rusy50 ca
|
| 101 |
0 |
|
|a rus
|
| 102 |
|
|
|a RU
|
| 105 |
|
|
|a a p 001zy
|
| 200 |
1 |
|
|a Анализ и прогнозирование основных энергетических показателей и построение характеристик относительных приростов системы "Кузбассэнерго"
|a Получение энергетических характеристик турбоагрегатов и котлоагрегатов статистическим методом
|e Заключительный отчет о НИР
|e Тема : х/д 6-72/77
|f Томский политехнический институт (ТПИ) ; руководитель В. А. Брагин ; И. Н. Коновалов
|
| 210 |
|
|
|a Томск
|d 1981
|
| 215 |
|
|
|a 90 л.
|
| 320 |
|
|
|a Библиогр.: с.34.
|
| 610 |
1 |
|
|a ТЭС
|
| 610 |
1 |
|
|a энергетические характеристики
|
| 610 |
1 |
|
|a идентификация
|
| 610 |
1 |
|
|a статистический метод
|
| 610 |
1 |
|
|a турбоагрегаты
|
| 610 |
1 |
|
|a котлоагрегаты
|
| 610 |
1 |
|
|a регрессионные уравнения
|
| 610 |
1 |
|
|a отчеты о НИР
|
| 675 |
|
|
|a 621.311.22 : 621.1(04)
|v 3
|
| 702 |
|
1 |
|a Брагин
|b В. А.
|4 673
|
| 702 |
|
1 |
|a Коновалов
|b И. Н.
|4 677
|
| 712 |
0 |
2 |
|a Томский политехнический институт (ТПИ)
|c (1944-1991)
|2 stltpush
|3 (RuTPU)RU\TPU\col\1123
|
| 801 |
|
1 |
|a RU
|b 63413507
|c 20090406
|g PSBO
|
| 801 |
|
2 |
|a RU
|b 63413507
|c 20110513
|g RCR
|
| 942 |
|
|
|c BK
|